[Event "Titled Tuesday intern op 02nd Apr Late"]
[Site "Chess.com INT"]
[Date "2024.04.02"]
[Round "1"]
[White "Dziewonski, Dariusz"]
[Black "Yang, Aimee"]
[Result "0-1"]
[WhiteElo "2289"]
[BlackElo "1826"]
[PlyCount "146"]
[EventDate "2024.04.02"]
[EventType "swiss (blitz)"]
[EventRounds "11"]
[EventCountry "USA"]
[SourceTitle "CB15_2024"]
[SourceDate "2024.04.10"]
[SourceVersion "1"]
[SourceVersionDate "2024.04.10"]
[SourceQuality "1"]

1. e4 c6 2. d4 d5 3. Nc3 dxe4 4. Nxe4 Bf5 5. Ng3 Bg6 6. h4 h6 7. f4 e6 8. Nf3 Nd7 9. h5 Bh7 10. Bd3 Bxd3 11. Qxd3 Ngf6 12. Bd2 Bd6 13. 0-0-0 Qc7 14. Ne5 0-0 15. Ne4 Nxe4 16. Qxe4 Nf6 17. Qf3 c5 18. dxc5 Qxc5 19. Bc3 b5 20. g4 Rac8 21. Rh2 Nd5 22. Nd7 Bxf4+ 23. Kb1 Qd6 24. Rf2 Qxd7 25. Qxf4 Nxc3+ 26. bxc3 Qxd1+ 27. Kb2 Qd5 28. g5 Qxg5 29. Qf3 Qc5 30. Rg2 Kh7 31. Qg3 Rg8 32. Qd3+ Kh8 33. Qd7 Qxc3+ 34. Kb1 Qb4+ 35. Kc1 Qe1+ 36. Kb2 Qb4+ 37. Kc1 a5 38. Qd1 Qa3+ 39. Kb1 Rc3 40. Qc1 Qxc1+ 41. Kxc1 Rc6 42. Rxg7 Rgc8 43. Rg8+ Kxg8 44. Kd2 Kf8 45. Kd3 Ke7 46. Ke3 Rd6 47. c4 Rdc6 48. cxb5 Rb6 49. a4 Rc5 50. Kd4 Rcxb5 51. Kc4 Rb4+ 52. Kc5 Rxa4 53. Kxb6 Ra2 54. Kb5 a4 55. Ka5 a3 56. Kb4 Ra1 57. Kb3 a2 58. Kb2 Rh1 59. Kxa2 Rxh5 60. Kb3 Rg5 61. Kc4 h5 62. Kd4 h4 63. Ke4 h3 64. Kf4 Rg6 65. Kf3 h2 66. Kf2 h1Q 67. Ke3 Qf1 68. Ke4 Rg2 69. Ke5 Re2+ 70. Kd4 Qd1+ 71. Kc5 Rc2+ 72. Kb5 Qb1+ 73. Ka5 Ra2# 0-1

[Event "Titled Tuesday intern op 02nd Apr Late"]
[Site "Chess.com INT"]
[Date "2024.04.02"]
[Round "6"]
[White "Shamsi, Mohammadhossein"]
[Black "Yang, Aimee"]
[Result "1-0"]
[WhiteElo "2217"]
[BlackElo "1826"]
[PlyCount "47"]
[EventDate "2024.04.02"]
[EventType "swiss (blitz)"]
[EventRounds "11"]
[EventCountry "USA"]
[SourceTitle "CB15_2024"]
[SourceDate "2024.04.10"]
[SourceVersion "1"]
[SourceVersionDate "2024.04.10"]
[SourceQuality "1"]

1. Nf3 Nf6 2. g3 g6 3. Bg2 Bg7 4. 0-0 0-0 5. d4 d5 6. c4 c6 7. a4 Bf5 8. Nc3 Nbd7 9. a5 dxc4 10. Qa4 Ne4 11. Qxc4 Ndf6 12. Nh4 Be6 13. Qd3 Nxc3 14. bxc3 Qd7 15. Re1 Rfd8 16. Ba3 Nd5 17. c4 Nc7 18. e3 b6 19. Nf3 bxa5 20. Bb2 Rab8 21. Bc3 Na6 22. Rxa5 Rdc8 23. Rxa6 Qb7 24. Rea1 1-0

[Event "Titled Tuesday intern op 02nd Apr Late"]
[Site "Chess.com INT"]
[Date "2024.04.02"]
[Round "4"]
[White "Yang, Aimee"]
[Black "Morales Garcia, Sergio Joshafatt"]
[Result "0-1"]
[WhiteElo "1826"]
[BlackElo "2249"]
[PlyCount "84"]
[EventDate "2024.04.02"]
[EventType "swiss (blitz)"]
[EventRounds "11"]
[EventCountry "USA"]
[SourceTitle "CB15_2024"]
[SourceDate "2024.04.10"]
[SourceVersion "1"]
[SourceVersionDate "2024.04.10"]
[SourceQuality "1"]

1. d4 d5 2. c4 c6 3. Nf3 Nf6 4. Nc3 e6 5. e3 Nbd7 6. Qc2 Bd6 7. b3 0-0 8. Be2 e5 9. dxe5 Nxe5 10. Nxe5 Bxe5 11. 0-0 dxc4 12. Bxc4 b5 13. Bd3 b4 14. Bb2 Bxc3 15. Bxc3 bxc3 16. Qxc3 Be6 17. Rfd1 Qb6 18. Rac1 Rac8 19. h3 h6 20. Qe5 Rfd8 21. Bf5 Rxd1+ 22. Rxd1 Qb5 23. Qxb5 cxb5 24. Bxe6 fxe6 25. Rd6 Kf7 26. Ra6 Rc7 27. Ra5 Rb7 28. Ra6 b4 29. Rc6 Nd5 30. Rc4 Nc3 31. a3 bxa3 32. Rxc3 a2 33. Rc1 Rxb3 34. Kh2 Rb1 35. Rxb1 axb1Q 36. g3 Kf6 37. Kg2 Ke5 38. Kh2 Ke4 39. Kg2 Qd1 40. Kh2 Kf3 41. h4 Qf1 42. h5 Qg2# 0-1